000 00383nam a2200133Ia 4500
008 220217s9999||||xx |||||||||||||| ||und||
020 _a81-8147-884-3
082 _a658.403 8 RAO
100 _aRao, Madanmohan
_97534
245 0 _aKnowledge managemant tools and techniques
260 _aButter worth
_bNew Delhi
_c2006
300 _aXII,438p.;28cm
_b350
650 _aMANAGEMENT
999 _c181136
_d181136